000
00335nam a2200145Ia 4500
100
_a
Moseley/ Boodey
942
_c
BK
654
_a
Computer
245
_a
Mastering Microsoft office professional for Windows 95
260
_b
none
_a
Delhi
_c
1996
082
_a
5.43
_b
MOS/BOO
300
_a
1083
546
_a
ENGLISH
999
_c
29932
_d
29932